000 00505nam a2200181Ia 4500
003 OSt
005 20240920141337.0
008 220927b |||||||| |||| 00| 0 eng d
040 _aSDCL
_cSDCL
_beng
041 _2eng
_aeng
082 _aRxMG,SS K2
100 _aGibran, Kahill
_9429074
245 0 _aSpiritual sayings.
260 _aNew York:
_b The Citadel Press,
_c1962.
300 _aNo pagination
942 _hRxMG,SS K2
_cTEXL
_2CC
999 _c745557
_d745557